| 000 | 01207cam a22003258i 4500 | ||
|---|---|---|---|
| 001 | 17797055 | ||
| 003 | PILC | ||
| 005 | 20160201123516.0 | ||
| 008 | 130701s2013 ii b 001 0 eng | ||
| 010 | _a 2013025665 | ||
| 020 | _a9788132110057 (pbk. : alk. paper) | ||
| 040 |
_aDLC _beng _cDLC _erda |
||
| 042 | _apcc | ||
| 050 | 0 | 0 |
_aBF 176 _b.L224 2013 |
| 082 | 0 | 0 | _a150.28/7 |
| 100 | 1 | _aLaak, Jan J. F. ter. | |
| 245 | 1 | 0 |
_aUnderstanding psychological assessment : _ba primer on the global assessment of the client's behavior in educational and organizational setting / _cJan J.F. ter Laak, Meenakshi Gokhale, Devasena Desai. |
| 260 |
_aNew Delhi : _bSAGE Publications, _c2013. |
||
| 263 | _a1111 | ||
| 300 |
_a564 pages : _billustrations ; _c24 cm. |
||
| 500 | _aIncludes bibliographical references and index. | ||
| 521 | _aPsychology | ||
| 650 | 0 | _aPsychological tests. | |
| 650 | 0 | _aPsychodiagnostics. | |
| 700 | 1 | _aGokhale, Meenakshi. | |
| 700 | 1 | _aDesai, Devasena. | |
| 906 |
_a0 _bvip _corignew _d1 _eecip _f20 _gy-gencatlg |
||
| 942 |
_2lcc _cBK _kFOR |
||
| 999 |
_c276780 _d276780 |
||